| 000 | 00619nam a2200253Ia 4500 | ||
|---|---|---|---|
| 003 | OSt | ||
| 005 | 20250320151853.0 | ||
| 008 | 210329s9999||||xx |||||||||||||| ||und|| | ||
| 020 | _a9780195677843 | ||
| 040 | _cSTCPL | ||
| 041 | _aENG | ||
| 041 | _hENG | ||
| 082 |
_a912 _bOXF-O |
||
| 245 | 0 |
_aOxford school atlas / _cby Oxford University Press |
|
| 250 | _a31st ed. | ||
| 260 |
_aNew Delhi : _bOxford University Press , _c2006 . |
||
| 300 |
_a104 p. _bPB |
||
| 650 | _aHistory and geography  | ||
| 650 | _aGeography and travel  | ||
| 650 | _aMaps | ||
| 650 | _aAtlas | ||
| 942 | _cBK | ||
| 942 |
_2ddc _n0 |
||
| 999 |
_c54341 _d54341 |
||